000 00727nam a22002417a 4500
005 20140311160152.0
010 _aENG-109520
020 _c2295.00
_a9781259098659
020 _c2295.00
_a12590998656
035 _aEN-93053
037 _bDBAD/PUB
082 _a540
100 _aChang, Raymond
245 0 0 _aGeneral chemistry :
_cby Raymond Chang [and] Jason Overby
_bthe essential concepts /
250 _a6th ed
260 _aNew Delhi
_bMcGraw Hill Education
_c2013
270 _aP-24, Green Park Extn.
_bNew Delhi
_e110016
300 _axxii,779p. :
_c28cm(pbk)
_bcol.ill.
500 _aIncludes index
650 _aChemistry
_vTextbooks
700 _aOverby, Jason
942 _2ddc
_cEN
_mCHA
_h540
999 _c82853
_d82853